Discovery of Oscaecilia polyzona (Amphibia: Gymnophiona: Caeciliaidae) in the middle Magdalena with notes on its abundance and habitat (Registro nro. 15979)

Detalles MARC
000 -CABECERA
Campo de control 004810000a22001210004500
090 ## - CLASIFICACIÓN LOCAL
Colección AS
Consecutivo Seriadas
041 0# - IDIOMA
Código de idioma para texto/pista de sonido o título separado
100 1# - ASIENTO PRINCIPAL--NOMBRE PERSONAL
Nombre personal Lynch, John D.
245 10 - MENCION DE TITULO
Título Discovery of Oscaecilia polyzona (Amphibia: Gymnophiona: Caeciliaidae) in the middle Magdalena with notes on its abundance and habitat
700 1# - ASIENTO SECUNDARIO - NOMBRE PERSONAL
Nombre personal Acosta, Andrés R.
773 1# - Item fuente:
Título Revista de la Academia Colombiana de Ciencias Exactas, Físicas y Naturales
Descripción física 109
Paginas del Articulo 585-589
Lugar, editorial y fecha de publicación 2004
Información sobre la relación 28
942 ## - ELEMENTOS ADICIONALES (KOHA)
Tipo de ítem Artículo

No hay ítems disponibles.